Almost all about waves / (Record no. 26394)

MARC details
000 -LEADER
fixed length control field 00999cam a22002895a 4500
001 - CONTROL NUMBER
control field 14357203
005 - DATE AND TIME OF LATEST TRANSACTION
control field 20240818093033.0
008 - FIXED-LENGTH DATA ELEMENTS--GENERAL INFORMATION
fixed length control field 060428s2006 nyua frb 000 0 eng d
020 ## - INTERNATIONAL STANDARD BOOK NUMBER
International Standard Book Number 0486453022
020 ## - INTERNATIONAL STANDARD BOOK NUMBER
International Standard Book Number 9780486453026
040 ## - CATALOGING SOURCE
Original cataloging agency DLC
Transcribing agency DLC
Modifying agency DLC
-- EG-ScBUE
Language of cataloging eng
082 04 - DEWEY DECIMAL CLASSIFICATION NUMBER
Edition number 22
Classification number 532.0593
Item number PIE
100 1# - MAIN ENTRY--PERSONAL NAME
Personal name Pierce, John R.
Fuller form of name (John Robinson),
Dates associated with a name 1910-2002.
245 10 - TITLE STATEMENT
Title Almost all about waves /
Statement of responsibility, etc John R. Pierce.
250 ## - EDITION STATEMENT
Edition statement Dover ed.
260 ## -
-- Mineola :
-- Dover Publications,
-- 2006.
300 ## - PHYSICAL DESCRIPTION
Extent x, 209 p. :
Other physical details ill. ;
Dimensions 22 cm.
336 ## - CONTENT TYPE
Source rdacontent
Content type term text
Content type code txt
337 ## - MEDIA TYPE
Media type term unmediated
Source rdamedia
Media type code n
338 ## - CARRIER TYPE
Carrier type term volume
Carrier type code nc
Source rdacarrier
500 ## - GENERAL NOTE
General note Originally published: Cambridge, Mass. : MIT Press, 1974.
504 ## - BIBLIOGRAPHY, ETC. NOTE
Bibliography, etc Includes bibliographical references.
650 #7 - SUBJECT ADDED ENTRY--TOPICAL TERM
Topical term or geographic name as entry element Waves.
Source of heading or term BUEsh
9 (RLIN) 7156
653 ## - INDEX TERM--UNCONTROLLED
Resource For college Generalities
-- Engineering, General
Arrived date list March2018
856 42 - ELECTRONIC LOCATION AND ACCESS
Materials specified Publisher description
Uniform Resource Identifier <a href="http://www.loc.gov/catdir/enhancements/fy0643/2006046206-d.html">http://www.loc.gov/catdir/enhancements/fy0643/2006046206-d.html</a>
942 ## - ADDED ENTRY ELEMENTS (KOHA)
Source of classification or shelving scheme Dewey Decimal Classification
Classification part RDA-MOD
Holdings
Withdrawn status Lost status Source of classification or shelving scheme Damaged status Not for loan Home library Current library Shelving location Date acquired Total Checkouts Full call number Barcode Date last seen Price effective from Koha item type
    Dewey Decimal Classification     Central Library Central Library First floor 25/03/2018   532.0593 PIE 000047493 15/07/2025 25/03/2018 Book - Borrowing